02048cam a22004814i 4500003000900000005001700009008004100026020001500067035002700082040003300109049000900142082001900151100003600170245008900206264003800295300005500333336002100388337002500409338002300434504002800457505028700485526000900772526000900781526000900790526000900799526000900808526000900817526000800826526000800834526000800842526000800850526000800858526000800866650005700874651004400931942001400975949014700989994001401136596000601150999017501156980005501331952018001386PE-LiUPU20250731184535.0150623s1993 nyua rb 000 0 eng d a0415186072 a(Sirsi) i9780415186070 aPE-LiUPUbspacPE-LiUPUerda aPRUA04a939.4bM172211 aMaisels, Charles Keith,eautor.14aThe near east: archaeology in the 'Cradle of civilization' /cCharles Keith Maisels. 1aNew York, NY :bRoutledge,c1993. a243 páginas :bilustraciones ;c23 centímetros atext2rdacontent aunmediated2rdamedia avolume2rdacarrier aIncluye bibliografía.0 aAn artefactual basis for tha past -- Digging before axcavation -- Practical pioneers and theoretical problems -- Harbingers in the levant - The land that two rivers made -- The Ubaidian inheritance -- The household as enterprise -- what we're getting to know and what we need to do. aP136 aP135 aP134 aP133 aP144 aP143 aP87 aP35 aP20 aP14 aP10 aP0604aArqueologíazCercano OrientexHistoriaySiglo IXX. aOriente CercanoxCivilizaciónya 622. 2ddccBOOK a939.4 M17wDEWEYc1i48169d2015-10-7e2015-10-7lCCODEBUL1mBULn1r0sYtBOOKu2015-6-24xTEOLOGIAPP350COMPRAo.STAFF. Colección General aC0bPEPRU a1 a939.4 M17wDEWEYc25144i48169d25144e2015-10-7f2021-11-11g5lCCODEBUL1mBULn1p43.20q1r0sYtBOOKu2015-6-24xTEOLOGIAPP350COMPRAo.STAFF. Colección Teología 81gALBERTO SANCHEZ Responsable de Automatización r2025-12-03 00:00:00i6l1o939.4 M17p48169s2015-10-07te1v48.20w2015-06-24xFTyBKzinventario-2023-12-13102ddc50708GENfP35aBULbBULcGENd2015-06-24eCOMPRAg43.20